000 00195 a2200097 4500
001 48327
100 _aMuhammad Mya Sid
245 _a
260 _aLondon
_bHarper Row
_c
090 _c31274
_d31274
942 _aNUST-CAE
_cM
_c23641
999 _c283400
_d283400